Movies Quiz

Random Movies or Disney Quiz

Monsters, Inc. Characters Quiz Stats

 Plays Quiz Updated Jan 29, 2020

Support Sporcle.
Go Orange.
Score 0/16 Timer 04:00
4 Plays Today
% Correct
Mike Wazowski
97.5%
James P. Sullivan
95.3%
Boo
93.9%
Randall Boggs
73.6%
Yeti
52.5%
Henry J. Waternoose III
50.6%
Roz
47.9%
Celia Mae
43.2%
% Correct
George Sanderson
23.6%
Fungus
21.1%
Child Detection Agency
15.2%
Thaddeus Bile
12.1%
Tony
8.9%
Waxford
7.5%
Charlie
7.3%
Jerry
7%

From the Vault

Beers of the World

by ironsij0287

A fine beer may be judged with only one sip, but it's better to be thoroughly sure.
Remove Ads.
Support Sporcle.
Get the best of Sporcle when you Go Orange. This ad-free experience offers more features, more stats, and more fun while also helping to support Sporcle. Thank you for becoming a member.

Show Comments

Extras

Top Quizzes Today


Score Distribution

Your Account Isn't Verified!

In order to create a playlist on Sporcle, you need to verify the email address you used during registration. Go to your Sporcle Settings to finish the process.

Report this User

Report this user for behavior that violates our Community Guidelines.

Details: